000 01023nam a2200265 i 4500
001 bg
245 0 0 _aRemediacja i bioremediacja zanieczyszczonych wód i gruntów oraz wykorzystanie modelowania i technik informatycznych w inżynierii środowiska /
_cwspółaut. Katarzyna Bielicka [et al.] ; pod red. Andrzeja Olszanowskiego [et al.].
260 _aPoznań :
_bWydaw. Politechniki Poznańskiej,
_c2001.
300 _a234 s. :
_bil. ;
_c24 cm.
504 _aBibliogr. przy rozdz.
650 9 _aWoda
_xhigiena
_xtechnologia
650 9 _aGrunt
_xhigiena
_xtechnologia
650 9 _aInżynieria środowiska
_xzagadnienia
650 9 _aModele matematyczne
_xstosowanie
_xinżynieria środowiska
650 9 _aInformatyka
_xstosowanie
_xinżynieria środowiska
700 1 _aBIELICKA, Katarzyna
700 1 _aOLSZANOWSKI, Andrzej.
_eRed.
020 _a8371434510
040 _cBPK
041 0 _apl
080 _a628.1/.5:[51:004
920 _a83-7143-451-0
942 _cKS
008 s pl f |000 0 pol
999 _c40921
_d40921
856 _uhttp://koha.tu.koszalin.pl/cgi-bin/koha/opac-detail.pl?biblionumber=40921
_yKatalog online BPK